000
00201 a2200097 4500
001
20521
100
_a
Chorlton F
245
_a
Text Book of Dynamics
260
_a
_b
E L B S
_c
090
_c
14917
_d
14917
942
_a
NUST-CAE
_c
M
_c
5466
999
_c
255594
_d
255594